000 00305nam a22001337a 4500
008 171014b xxu||||| |||| 00| 0 eng d
020 _a9781593570927
041 _aeng
080 _a331
100 _a52
101 _aPUN
245 _aEXPERT RESUMES FOR CAREER CHANGERS
_cENELOW, W.S
942 _2udc
_cBK
999 _c33943
_d33943